000
00324nam a22001457a 4500
008
230320b ||||| |||| 00| 0 eng d
020
_a
012016
041
_a
eng
080
_2
2016 EDITION
_a
61
082
_a
61EWI
100
_a
7
101
_a
MJEKSI
245
_a
THE LONG TERM CARE SURVEY
_c
EWING.P.J
942
_2
udc
_c
BK
999
_c
59390
_d
59390